00418cam a22000977a 4500008003600000082001700036245013500053260004600188500004400234700004200278180718b xxu||||| |||| 00| 0 eng d aK232x42 Un3t aReport of the committee on scales of salaries for the teaching staff of trainig collegescby Ministry of Education, United Kingdom aLondonbHer Majesty's Stationery Officec aContents : Library has 1959, 1961, 1963 aUnited Kingdom. Ministry of Education